header

Ancient religions (Record no. 62757)

MARC details
000 -LEADER
fixed length control field 02220nam a22003494a 4500
082 04 - DEWEY DECIMAL CLASSIFICATION NUMBER
Classification number 200.93
245 00 - TITLE STATEMENT
Title Ancient religions
260 ## - PUBLICATION, DISTRIBUTION, ETC. (IMPRINT)
Place of publication Cambridge, Mass. :
Name of publisher Belknap Press of Harvard University Press,
Year of publication 2007.
300 ## - PHYSICAL DESCRIPTION
Number of Pages xi, 266 p. :
Other physical details ill., maps.
505 0# - FORMATTED CONTENTS NOTE
Formatted contents note Encountering ancient religions. What is ancient Mediterranean religion? / Fritz Graf -- Monotheism and polytheism / Jan Assmann -- Ritual / Jan Bremmer -- Myth / Fritz Graf -- Cosmology: time and history / John J. Collins -- Pollution, sin, atonement, salvation / Harold W. Attridge -- Law and ethics / Eckart Otto -- Mysteries / Sarah Iles Johnston -- Religions in contact / John Scheid -- Writing and religion / Mary Beard -- Magic / Sarah Iles Johnston. Histories. Egypt / Jan Assmann and David Frankfurter -- Mesopotamia / Paul-Alain Beaulieu -- Syria and Canaan / David P. Wright -- Israel / John J. Collins -- Anatolia: Hittites / David P. Wright -- Iran / William Malandra and Michael Stausberg -- Minoan and Mycenaean civilizations / Nanno Marinatos -- Greece / Jon Mikalson -- Etruria / Olivier de Cazanove -- Rome / John North -- Early Christianity / Harold W. Attridge -- Epilogue / Bruce Lincoln.
650 #0 - SUBJECT ADDED ENTRY--TOPICAL TERM
Topical Term Religions.
Topical Term Civilization, Ancient.
700 1# - ADDED ENTRY--PERSONAL NAME
Personal name Johnston, Sarah Iles,
856 40 - ELECTRONIC LOCATION AND ACCESS
Uniform Resource Identifier http://site.ebrary.com/lib/rucke/Doc?id=10312805

No items available.

© 2026 Rongo University
Contact us: librarian | system librarian | Rongo university